| 000 | 01353nam a2200277Ia 4500 | ||
|---|---|---|---|
| 999 |
_c36579 _d36579 |
||
| 001 | 2498 | ||
| 003 | GE_BSU | ||
| 005 | 20260220164321.0 | ||
| 008 | 181216s2008||||ge |||||||||||||| ||geo|| | ||
| 020 | _a9789941902987 | ||
| 040 | _cGE_BSU | ||
| 041 | _ageo | ||
| 080 | _a336.02 ს–50 | ||
| 100 |
_aსილაგაძე, ავთანდილ _926945 |
||
| 245 |
_aპოსტკომუნისტური ფინანსური პოლიტიკა / _cავთანდილ სილაგაძე, მიხეილ თოქმაზიშვილი; [რედ. ვლადიმერ პაპავა]. |
||
| 260 | _aთბილისი | ||
| 264 |
_aთბ. : _b[ინოვაცია], _c2008. |
||
| 300 |
_a112გვ. : _b ცხ. ; _c20სმ. |
||
| 504 | _aბიბლიოგრ. ტექსტ. შენიშვნ. და გვ. 107-111. | ||
| 541 | _h5ლ. | ||
| 653 | _aსაქართველოს ფინანსური პოლიტიკა | ||
| 653 | _aფინანსური პოლიტიკა პოსტკომუნისტურ ქვეყნებში | ||
| 653 | _aფინანსური კრიზისი. | ||
| 700 |
_aთოქმაზიშვილი, მიხეილ _eავტორი _926946 |
||
| 942 |
_cBK _2udc |
||